[Event "Thessaloniki-Chalkidiki-chT"]
[Site "Thessaloniki"]
[Date "2022.02.20"]
[Round "1"]
[White "Pastras, Ioannis"]
[Black "Liamos, Asterios"]
[Result "1/2-1/2"]
[WhiteElo "1462"]
[BlackElo "1720"]
[PlyCount "94"]
[EventDate "2022.02.20"]
[EventType "team-tourn"]
[EventRounds "7"]
[EventCountry "GRE"]
[SourceTitle "EXT 2024"]
[Source "ChessBase"]
[SourceDate "2023.10.10"]
[SourceVersion "1"]
[SourceVersionDate "2023.10.10"]
[SourceQuality "1"]

1. e4 c5 2. Nc3 e6 3. g3 Nc6 4. d3 Nf6 5. Bg2 Be7 6. Nge2 d6 7. h3 Rb8 8. Be3 Bd7 9. 0-0 b5 10. Qd2 h5 11. Bg5 b4 12. Nd1 Nxe4 13. dxe4 Bxg5 14. Qxd6 Be7 15. Qd2 Ne5 16. Ne3 Bb5 17. Rfd1 Qc7 18. f4 Rd8 19. Qe1 Nc6 20. c4 Ba6 21. Rxd8+ Kxd8 22. b3 Bb7 23. Rd1+ Kc8 24. Rd2 g5 25. Qf2 gxf4 26. Qxf4 Qxf4 27. gxf4 Rg8 28. Kf1 a5 29. Bf3 h4 30. Kf2 Kc7 31. Bg2 a4 32. f5 Bg5 33. Bf3 Ne5 34. Rd1 axb3 35. axb3 Bxe3+ 36. Kxe3 exf5 37. Bh1 Re8 38. Nf4 Ng6 39. Nd5+ Kb8 40. Rf1 f4+ 41. Nxf4 Ne5 42. Nd3 Nxd3 43. Kxd3 Bc8 44. Rxf7 Bxh3 45. Rh7 Bf1+ 46. Ke3 h3 47. Kf2 Bg2 1/2-1/2

[Event "Chalkidiki op"]
[Site "Chalkidiki"]
[Date "2015.07.19"]
[Round "9"]
[White "Spirliadis, Achileas"]
[Black "Liamos, Asterios"]
[Result "1-0"]
[WhiteElo "2114"]
[BlackElo "1684"]
[PlyCount "67"]
[EventDate "2015.07.12"]
[EventType "swiss"]
[EventRounds "9"]
[EventCountry "GRE"]
[SourceTitle "EXT 2016"]
[Source "ChessBase"]
[SourceDate "2015.10.08"]
[SourceVersion "1"]
[SourceVersionDate "2015.10.08"]
[SourceQuality "1"]

1. e4 e6 2. d4 c5 3. d5 exd5 4. exd5 d6 5. Nf3 Bg4 6. c3 Nd7 7. h3 Bh5 8. Bf4 Qb6 9. Nbd2 0-0-0 10. Nc4 Qc7 11. Be2 f6 12. 0-0 Nh6 13. b4 g5 14. Bh2 Rg8 15. Nfd2 Bg6 16. a4 f5 17. a5 f4 18. b5 Qb8 19. Bg4 Nf5 20. Re1 Bg7 21. Ne4 Ne5 22. Nexd6+ Rxd6 23. Nxe5 Rdd8 24. Nxg6 hxg6 25. Re6 Rde8 26. Rxg6 Qe5 27. Rxg5 Rgf8 28. Qb1 Qxc3 29. Rxf5 Rxf5 30. Qxf5+ Kb8 31. Bxf4+ Ka8 32. Rc1 Qb4 33. Qd7 Rf8 34. a6 1-0

[Event "Thessaloniki Aris op"]
[Site "Thessaloniki"]
[Date "2014.10.24"]
[Round "1.6"]
[White "Papadimitriou, Haralampos"]
[Black "Liamos, Asterios"]
[Result "0-1"]
[WhiteElo "1585"]
[BlackElo "1647"]
[PlyCount "62"]
[EventDate "2014.10.24"]
[EventType "swiss"]
[EventRounds "6"]
[EventCountry "GRE"]
[SourceTitle "EXT 2024"]
[Source "ChessBase"]
[SourceDate "2023.10.10"]
[SourceVersion "1"]
[SourceVersionDate "2023.10.10"]
[SourceQuality "1"]

1. d4 Nf6 2. Nf3 d6 3. c4 g6 4. Nc3 Bg7 5. g3 0-0 6. Bg2 c6 7. 0-0 Nbd7 8. e4 e5 9. dxe5 dxe5 10. Qc2 Qe7 11. Rd1 Nh5 12. Bg5 f6 13. Be3 Nc5 14. b4 Ne6 15. Rab1 f5 16. exf5 gxf5 17. c5 f4 18. Bc1 Ng5 19. Nxg5 Qxg5 20. Ne4 Qe7 21. Nd6 Be6 22. Bb2 Rad8 23. Re1 f3 24. Bf1 Qg5 25. Qe4 Bd5 26. Bc4 Nf4 27. Bxd5+ cxd5 28. Qe3 Qg4 29. Bxe5 Bxe5 30. Kh1 Bxd6 31. cxd6 Rxd6 0-1